[Event "IECG CA.2002.0.00034"]
[Site "IECG email"]
[Date "2002.01.23"]
[Round "1"]
[White "Lubben, Hendrik"]
[Black "Law, Steve"]
[Result "1-0"]
[WhiteElo "2123"]
[BlackElo "2104"]
[PlyCount "47"]
[EventDate "2002.01.23"]
[EventType "tourn (corr)"]
[EventRounds "6"]
[SourceTitle "Corr 2024"]
[Source "ChessBase"]
[SourceDate "2023.10.19"]
[SourceVersion "1"]
[SourceVersionDate "2023.10.19"]
[SourceQuality "1"]

1. d4 Nf6 2. c4 e6 3. Nc3 Bb4 4. Qc2 0-0 5. a3 Bxc3+ 6. Qxc3 b6 7. Bg5 Ba6 8. e3 d6 9. Bd3 Nbd7 10. Ne2 h6 11. Bh4 c5 12. Qc2 Rc8 13. Qa4 Bb7 14. 0-0 Bc6 15. Qd1 Qc7 16. f3 cxd4 17. exd4 Nh5 18. Qd2 d5 19. b3 e5 20. Rfe1 Rfe8 21. Rac1 Qd6 22. Bf5 g5 23. cxd5 Bxd5 24. dxe5 1-0

[Event "IECG CB.2001.0.00010 email"]
[Site "IECG email"]
[Date "2001.07.30"]
[Round "?"]
[White "Lubben, Hendrik"]
[Black "Malmstroem, Jan"]
[Result "1-0"]
[WhiteElo "1908"]
[BlackElo "1924"]
[PlyCount "87"]
[EventDate "2001.07.30"]
[EventType "tourn (corr)"]
[EventRounds "6"]
[SourceTitle "Corr 2008"]
[Source "ChessBase"]
[SourceDate "2008.06.24"]
[SourceVersion "1"]
[SourceVersionDate "2008.06.24"]
[SourceQuality "1"]

1. d4 Nf6 2. c4 e6 3. Nc3 Bb4 4. a3 Bxc3+ 5. bxc3 0-0 6. e3 b6 7. Bd3 Bb7 8. f3 d5 9. Ne2 Nbd7 10. 0-0 Qe7 11. cxd5 exd5 12. Ng3 Rfe8 13. Re1 Rad8 14. a4 a6 15. e4 dxe4 16. fxe4 Nc5 17. Bg5 Nxd3 18. Qxd3 h6 19. Bh4 g5 20. Nf5 Qf8 21. e5 Nd5 22. Bg3 Bc8 23. Rf1 Be6 24. c4 Ne7 25. Ne3 Rd7 26. Rab1 Qg7 27. d5 c6 28. Rxb6 cxd5 29. Rxe6 fxe6 30. Ng4 Kh8 31. Nf6 Rdd8 32. Nxe8 Rxe8 33. cxd5 Nxd5 34. Qxa6 Ne3 35. Qc6 Qg6 36. Rc1 Qf7 37. Bf2 Nd5 38. a5 Nf4 39. Qf3 Qf5 40. a6 Qxe5 41. Re1 Qa5 42. a7 Qa4 43. Rb1 e5 44. Kh1 1-0

[Event "IECG CB.2001.0.00010 email"]
[Site "IECG email"]
[Date "2001.07.30"]
[Round "?"]
[White "Lubben, Hendrik"]
[Black "Sherwood, Russell"]
[Result "1-0"]
[WhiteElo "1908"]
[BlackElo "1823"]
[PlyCount "97"]
[EventDate "2001.07.30"]
[EventType "tourn (corr)"]
[EventRounds "6"]
[SourceTitle "Corr 2008"]
[Source "ChessBase"]
[SourceDate "2008.06.24"]
[SourceVersion "1"]
[SourceVersionDate "2008.06.24"]
[SourceQuality "1"]

1. d4 d5 2. c4 c6 3. Nc3 Nf6 4. Nf3 dxc4 5. a4 Bf5 6. e3 e6 7. Bxc4 Nbd7 8. 0-0 Bb4 9. Qe2 Bg6 10. e4 0-0 11. Bd3 h6 12. Bf4 Rc8 13. h3 Re8 14. Rfd1 a6 15. Rac1 Qa5 16. Nd2 b5 17. axb5 cxb5 18. Nb3 Qb6 19. e5 Nd5 20. Nxd5 exd5 21. Rxc8 Rxc8 22. e6 Re8 23. exf7+ Bxf7 24. Qc2 Qf6 25. Bg3 Nb6 26. Be5 Qe7 27. Nc5 Rc8 28. Bh7+ Kh8 29. Qf5 Bxc5 30. dxc5 Rxc5 31. Bd4 Rc6 32. Qg4 Be6 33. Bf5 Bxf5 34. Qxf5 Qd7 35. Qf3 Nc8 36. Bc3 Nb6 37. Qf4 Kg8 38. Rd3 Na4 39. Rf3 Kh7 40. Bd4 Nc5 41. Rg3 g5 42. Qe5 Ne4 43. Qh8+ Kg6 44. Qg8+ Kh5 45. Rf3 Qe6 46. g4+ Kh4 47. Qb8 Qd6 48. Qh8 Qg6 49. Kg2 1-0

[Event "IECG CB.2001.0.00010 email"]
[Site "IECG email"]
[Date "2001.07.30"]
[Round "?"]
[White "Peroutik, Jiri"]
[Black "Lubben, Hendrik"]
[Result "0-1"]
[WhiteElo "1800"]
[BlackElo "1908"]
[PlyCount "42"]
[EventDate "2001.07.30"]
[EventType "tourn (corr)"]
[EventRounds "6"]
[SourceTitle "Corr 2008"]
[Source "ChessBase"]
[SourceDate "2008.06.24"]
[SourceVersion "1"]
[SourceVersionDate "2008.06.24"]
[SourceQuality "1"]

1. e4 c5 2. f4 e6 3. Nf3 a6 4. c4 b6 5. Nc3 Bb7 6. d3 g6 7. Be2 Bg7 8. e5 d6 9. d4 dxe5 10. dxc5 Qxd1+ 11. Bxd1 e4 12. Ng5 Bxc3+ 13. bxc3 h6 14. Nxf7 Kxf7 15. cxb6 Ne7 16. a4 Nd7 17. a5 Rac8 18. Be2 Nc5 19. Be3 Rhd8 20. 0-0 Nd3 21. Bxd3 Rxd3 0-1

[Event "IECG CB.2001.0.00010 email"]
[Site "IECG email"]
[Date "2001.07.30"]
[Round "1"]
[White "Smyth, Peter"]
[Black "Lubben, Hendrik"]
[Result "0-1"]
[WhiteElo "1662"]
[BlackElo "1908"]
[PlyCount "116"]
[EventDate "2001.07.30"]
[EventType "tourn (corr)"]
[EventRounds "6"]
[SourceTitle "Corr 2024"]
[Source "ChessBase"]
[SourceDate "2023.10.19"]
[SourceVersion "1"]
[SourceVersionDate "2023.10.19"]
[SourceQuality "1"]

1. b3 d5 2. Bb2 Bg4 3. h3 Bh5 4. g4 Bg6 5. Bg2 e6 6. Nf3 Nd7 7. c4 c6 8. Nc3 Ngf6 9. d3 Bd6 10. Qd2 Qe7 11. 0-0 0-0-0 12. Rfc1 dxc4 13. bxc4 e5 14. Nh4 Ne8 15. Nxg6 hxg6 16. Ne4 Bb4 17. Qe3 f5 18. a3 Ba5 19. Qg5 Qf7 20. gxf5 gxf5 21. Ng3 g6 22. d4 Ndf6 23. Nxf5 gxf5 24. Qxf5+ Qd7 25. Qxd7+ Nxd7 26. dxe5 Rh5 27. f4 Bd2 28. Rf1 Nb6 29. c5 Be3+ 30. Kh2 Nc4 31. Bc1 Bxc5 32. Ra2 Ne3 33. Bxe3 Bxe3 34. Rf3 Bd2 35. Kg3 Ng7 36. e3 Rh6 37. Kf2 Nf5 38. Bf1 Ba5 39. Bc4 Kc7 40. Re2 Bb6 41. Kg1 Rg6+ 42. Kh2 Rd7 43. h4 Rh7 44. Bd3 Rxh4+ 45. Rh3 Rxh3+ 46. Kxh3 Rg3+ 47. Kh2 Rxe3 48. Rxe3 Nxe3 49. Kg3 c5 50. Be4 c4 51. Kf3 Bc5 52. a4 c3 53. Bd3 c2 54. Bxc2 Nxc2 55. f5 Nd4+ 56. Ke4 Kc6 57. f6 Ne6 58. Kf5 Kd5 0-1

[Event "IECG CB.2001.0.00005 email"]
[Site "IECG email"]
[Date "2001.07.07"]
[Round "?"]
[White "Lubben, Hendrik"]
[Black "Starace, Umberto"]
[Result "1-0"]
[WhiteElo "1894"]
[BlackElo "1919"]
[PlyCount "79"]
[EventDate "2001.05.29"]
[EventType "tourn (corr)"]
[EventRounds "6"]
[SourceTitle "Corr 2008"]
[Source "ChessBase"]
[SourceDate "2008.06.24"]
[SourceVersion "1"]
[SourceVersionDate "2008.06.24"]
[SourceQuality "1"]

1. d4 Nf6 2. c4 g6 3. Nc3 Bg7 4. e4 0-0 5. Nf3 d6 6. Be2 e5 7. 0-0 Nc6 8. d5 Ne7 9. b4 a5 10. Ba3 axb4 11. Bxb4 Nd7 12. a4 Nc5 13. Bxc5 dxc5 14. Nd2 f5 15. Nb3 b6 16. a5 Bd7 17. d6 cxd6 18. Qxd6 Rf6 19. Qd3 Be8 20. Qxd8 Rxd8 21. Rfd1 Rc8 22. a6 Ra8 23. g4 fxe4 24. Nd2 e3 25. fxe3 Bh6 26. Nf1 Bc6 27. h4 Raf8 28. g5 Rf2 29. e4 Bg7 30. Ng3 R2f4 31. Nd5 Nxd5 32. cxd5 Ba8 33. Rab1 Rb8 34. d6 Rff8 35. Bc4+ Kh8 36. d7 Rfd8 37. Rd6 Bf8 38. Rdxb6 Rxb6 39. Rxb6 Kg7 40. a7 1-0

[Event "IECG C1.2001.0.00335"]
[Site "IECG email"]
[Date "2001.07.01"]
[Round "?"]
[White "Kuhn, Christian Helmut"]
[Black "Lubben, Hendrik"]
[Result "1/2-1/2"]
[WhiteElo "1877"]
[BlackElo "1822"]
[PlyCount "76"]
[EventDate "2001.02.04"]
[EventType "tourn (corr)"]
[EventRounds "6"]
[SourceTitle "Corr 2008"]
[Source "ChessBase"]
[SourceDate "2008.06.24"]
[SourceVersion "1"]
[SourceVersionDate "2008.06.24"]
[SourceQuality "1"]

1. e4 c5 2. b4 cxb4 3. a3 e5 4. axb4 Bxb4 5. c3 Be7 6. d4 d6 7. f4 exd4 8. cxd4 d5 9. e5 Nc6 10. Nf3 Bg4 11. Bb5 Qb6 12. Bxc6+ Qxc6 13. 0-0 Nh6 14. Ba3 Bxa3 15. Rxa3 0-0 16. h3 Bf5 17. g4 Be4 18. Ng5 Bc2 19. Qd2 Bxb1 20. Rxb1 f6 21. Nf3 b6 22. f5 Nf7 23. Rc3 Qb7 24. Re3 Rfe8 25. Rbe1 Rac8 26. Rb3 Rc4 27. Rbe3 Qc7 28. Kh1 Rc8 29. exf6 gxf6 30. Re7 Qg3 31. Qg2 Qxg2+ 32. Kxg2 R8c7 33. R1e6 Rxe7 34. Rxe7 Ra4 35. Rd7 Ra5 36. Kg3 h6 37. Nh4 Ra3+ 38. Kg2 Ra2+ 1/2-1/2

[Event "IECG CB.2001.0.00005 email"]
[Site "IECG email"]
[Date "2001.06.25"]
[Round "?"]
[White "Lubben, Hendrik"]
[Black "Marcotulli, Giancarlo"]
[Result "1/2-1/2"]
[WhiteElo "1894"]
[BlackElo "1986"]
[PlyCount "58"]
[EventDate "2001.05.29"]
[EventType "tourn (corr)"]
[EventRounds "6"]
[SourceTitle "Corr 2008"]
[Source "ChessBase"]
[SourceDate "2008.06.24"]
[SourceVersion "1"]
[SourceVersionDate "2008.06.24"]
[SourceQuality "1"]

1. d4 d5 2. c4 e6 3. Nc3 Bb4 4. Nf3 Nf6 5. Bg5 Nbd7 6. cxd5 exd5 7. Qc2 c5 8. dxc5 Nxc5 9. a3 Bxc3+ 10. Qxc3 Nce4 11. Bxf6 Qxf6 12. Qxf6 Nxf6 13. Rc1 0-0 14. e3 Bg4 15. Bd3 Bxf3 16. gxf3 Rac8 17. Ke2 g6 18. Rhg1 Rfe8 19. Bb5 Rxc1 20. Rxc1 Re7 21. f4 d4 22. Kf3 dxe3 23. fxe3 Kg7 24. Rc8 Ne4 25. Bd3 f5 26. Bxe4 fxe4+ 27. Kg4 Rd7 28. Re8 Rd2 29. Rxe4 Rxb2 1/2-1/2